000 00370nam a22001577a 4500
999 _c1955
_d1955
003 SLTCLib
008 260119b ce ||||| |||| 00| 0 eng d
020 _a8181160606
041 _aEnglish
082 _a004.16
_bSIN
100 _aSingh, Amarjeet
_93479
245 _aEmbedded System
260 _aNew Delhi
_bMaxford Books
_c2014
300 _a268p.
942 _2ddc
_cMRE
945 _a3725
_bIshara wickramage
_c3725
_dIshara wickramage